[Event "24th Open"]
[Site "Bled SLO"]
[Date "2003.07.17"]
[Round "5"]
[White "Vrana,F"]
[Black "Skoberne,J"]
[Result "0-1"]
[WhiteElo "2300"]
[BlackElo "2089"]

1.e4 g6 2.d4 Bg7 3.Nc3 c6 4.Be3 Qb6 5.Na4 Qa5+ 6.c3 d6 7.b4 Qc7 8.Bd3 Nf6
9.f3 O-O 10.Ne2 e5 11.O-O Nbd7 12.c4 exd4 13.Nxd4 Ne5 14.Be2 Bd7 15.h3 Rad8
16.Rc1 Qb8 17.Qb3 d5 18.exd5 cxd5 19.cxd5 Bxa4 20.Qxa4 Nxd5 21.Bg5 Nb6 22.Bxd8 Nxa4
23.Bc7 Qe8 24.Bb5 Nxf3+ 25.Kh1 Qe4 26.Nxf3 Nc3 27.Rce1 Qxb4 28.Bd7 Qc5 29.Bf4 Qd5
30.Ne5 Bxe5 31.Bxe5 Ne4 32.Bf4 Qxd7 33.Rxe4 Re8 34.Rc4 Qd3 35.Rcc1 Kg7 36.Rf3 Qd5
37.a3 Re2 38.Rc7 a5 39.h4 h6 40.a4 g5 41.hxg5 hxg5 42.Rg3 Qd1+ 43.Kh2 Re1
44.Rxg5+ Kf6 45.Rgc5 Rh1+ 46.Kg3 Qe1+ 47.Kf3 Rf1+ 48.Kg4 Qe2+  0-1

[Event "Open"]
[Site "Ikaros GRE"]
[Date "2003.07.18"]
[Round "7"]
[White "Milosevic,G"]
[Black "Koukoufikis,G"]
[Result "1-0"]
[WhiteElo "2401"]
[BlackElo "2137"]

1.e4 g6 2.d4 Bg7 3.Nc3 c6 4.Nf3 d6 5.a4 a5 6.h3 Nf6 7.Be2 O-O 8.O-O Qc7 9.Bg5 h6
10.Be3 Nbd7 11.Qd2 Kh7 12.Rad1 e5 13.Rfe1 Re8 14.d5 Bf8 15.Bc4 c5 16.Bb5 Rd8
17.Nh2 Ng8 18.Bf1 Nb8 19.Nb5 Qe7 20.Na3 b6 21.Nc4 Qc7 22.h4 Ba6 23.h5 g5
24.Qe2 Bc8 25.g3 Na6 26.Bc1 Rb8 27.Ne3 f6 28.Qf3 Qf7 29.Nf5 Nc7 30.c4 Bd7
31.b3 Ne8 32.Bh3 Ng7 33.Bg4 Ne8 34.Kg2 Ne7 35.Rh1 Ng8 36.Rdf1 Bc8 37.Ne3 Bxg4
38.Nhxg4 Qd7 39.Qe2 Bg7 40.Qc2 Nc7 41.f4 Rf8 42.Rf3 Ne7 43.Rhf1 Kh8 44.fxg5 fxg5
45.Nf5 Nxf5 46.exf5 Rf7 47.Qe4 Bf8 48.f6 Ne8 49.Qg6 Nc7 50.Nxh6 Bxh6 51.Qxh6+ Rh7
52.Qxg5 Rg8 53.Qf5 Qf7 54.Rh1 Na6 55.Bd2 Nc7 56.g4 e4 57.Rg3 Ne8 58.g5  1-0

[Event "Open"]
[Site "Ikaros GRE"]
[Date "2003.07.19"]
[Round "8"]
[White "Souleidis,G"]
[Black "Svetushkin,D"]
[Result "1/2-1/2"]
[WhiteElo "2382"]
[BlackElo "2571"]

1.e4 g6 2.d4 Bg7 3.Nc3 c6 4.Nf3 d6 5.Be2 Nf6 6.O-O O-O 7.a4 Nbd7 8.Be3 b6
9.Nd2 e5 10.d5 cxd5 11.exd5 a6 12.Nc4 Ne8 13.Qd2 Rb8 14.Na2 Bb7 15.Nb4 Qc7
16.a5 b5 17.Nb6 f5 18.Nxd7 Qxd7 19.f4 Rc8 20.c3 Nf6 21.Bf3 Rfe8 22.Rfe1 Rc4
23.Rad1 Ne4 24.Bxe4 Rxe4 25.fxe5 dxe5 26.Bb6 Rxe1+ 27.Rxe1 Bf8 28.Rd1 Bd6
29.b3 e4 30.Be3 Qc7 31.g3 Qxa5 32.Nc6 Qc7 33.c4 Bxg3 34.d6 Bxd6 35.Qxd6 Qxc6
36.Qf4 bxc4 37.Rd6 Qc8 38.Bd4 Re7 39.Qh4 Qf8 40.Bf6 Rf7 41.Rd8 Qxd8 42.Bxd8 cxb3
43.Bf6 Rd7 44.Bc3 b2 45.Bxb2 Rd1+ 46.Kf2 Rd2+ 47.Ke3 Rxb2 48.Qd8+ Kf7 49.Qd7+ Kf8
50.Qd6+ Kf7 51.Qd7+ Kf8 52.Kf4 e3 53.Qd8+ Kf7 54.Qc7+ Kf8 55.Kg5 e2 56.Qd8+ Kf7
57.Qd7+ Kf8 58.Qd8+  1/2-1/2

[Event "BCSA Open"]
[Site "Batumi GEO"]
[Date "2003.07.20"]
[Round "4"]
[White "Paichadze,L"]
[Black "Vakhania,A"]
[Result "0-1"]
[WhiteElo "2066"]
[BlackElo "2225"]

1.e4 g6 2.d4 Bg7 3.Nc3 c6 4.Nf3 d6 5.Be2 Nf6 6.h3 O-O 7.O-O Qc7 8.Bf4 Nbd7
9.e5 dxe5 10.Nxe5 Nxe5 11.dxe5 Ne8 12.Qd4 Qb6 13.Qxb6 axb6 14.Rfe1 Nc7 15.Bh2 b5
16.a3 Rd8 17.f4 Bf5 18.Rac1 Rd2 19.Bd1 Bh6 20.Nb1 Rd4 21.g4 Be6 22.c3 Bxf4
23.Bxf4 Rxf4 24.Nd2 Kg7 25.Ne4 Bd5 26.Nc5 Ne6 27.Nd3 Re4 28.Rxe4 Bxe4 29.Nf2 Bd5
30.Be2 Bb3 31.Bd1 Bxd1 32.Rxd1 Rd8 33.Rxd8 Nxd8 34.Nd3 f6 35.exf6+ Kxf6 36.Kf2 Ke6
37.Ke3 Kd5 38.b3 g5 39.Nf2 Ne6 40.Ne4 h6 41.Ng3 Ng7 42.Ne4 c5 43.Ng3 b6 44.Ne4 c4
45.b4 Ke5 46.Ng3 e6 47.Ne2 Ne8 48.Nd4 Nc7 49.Nf3+ Kd5 50.Nd4 e5 51.Nf5 Ke6
52.Ke4 Nd5 53.Ng7+ Kd6 54.Nf5+ Kc6 55.Kxe5 Nxc3 56.Kd4 Ne2+ 57.Ke3 Nf4 58.Nxh6 Nxh3
59.Nf5 Kd5 60.Ne7+ Kd6 61.Nf5+ Ke5 62.Nd4 Nf4 63.Nxb5 Nd5+ 64.Kd2 Kf4 65.Nc3 Nc7
66.Nd1 b5 67.Ne3 Kf3 68.a4 bxa4 69.Nxc4 Nb5 70.Ne3 a3 71.Kd3 Kf4 72.Nc2 a2
73.Na1 Kxg4 74.Kc2 Kf3 75.Kb2 g4 76.Nb3 g3 77.Nd2+ Kf4 78.Nb3 g2 79.Nc1 Ke3  0-1

[Event "BCSA Open"]
[Site "Batumi GEO"]
[Date "2003.07.20"]
[Round "4"]
[White "Petrenko,S"]
[Black "Khmiadashvili,T"]
[Result "1-0"]
[WhiteElo "2346"]
[BlackElo "2214"]

1.e4 c6 2.d4 g6 3.Nc3 Bg7 4.Bc4 b5 5.Bb3 b4 6.Nce2 Nf6 7.f3 O-O 8.Be3 a5
9.c3 bxc3 10.Nxc3 d5 11.e5 Ne8 12.Nge2 Nc7 13.O-O e6 14.Na4 Nca6 15.Rc1 f6
16.f4 Ra7 17.Qd2 Rff7 18.a3 Bf8 19.Rc2 fxe5 20.dxe5 c5 21.Nxc5 Nxc5 22.Bxc5 Bxc5+
23.Rxc5 Ba6 24.Rfc1 Qh4 25.g3 Qh3 26.Nd4 Nd7 27.Rxa5 Nxe5 28.Rxa6 Rxa6 29.fxe5 Ra8
30.Nxe6 Rd7 31.Bxd5 Kh8 32.Qf4  1-0

[Event "MTO"]
[Site "Biel SUI"]
[Date "2003.07.21"]
[Round "1"]
[White "Ulibin,M"]
[Black "Mannhart,M"]
[Result "1-0"]
[WhiteElo "2558"]
[BlackElo "2195"]

1.d4 g6 2.e4 Bg7 3.Nc3 c6 4.Bc4 d6 5.Nf3 e6 6.Bg5 f6 7.Be3 Nh6 8.Qd2 Ng4
9.Bf4 e5 10.Bg3 Qe7 11.O-O Be6 12.Bxe6 Qxe6 13.Rad1 Qe7 14.Nh4 Nd7 15.d5 c5
16.Nb5 Nb8 17.h3 Nh6 18.f4 Nf7 19.a4 b6 20.Nf3 Bh6 21.Nh2 a6 22.Na3 Nd7 23.Ng4 Bg7
24.Qe1 exf4 25.Bxf4 Nde5 26.Bxe5 Nxe5 27.Nxe5 fxe5 28.b4 Qc7 29.Qc3 Rc8 30.bxc5 Qxc5+
31.Qxc5 Rxc5 32.Rb1 Rc3 33.Rxb6 Rf8 34.Rb3 Rc7 35.Rxf8+ Bxf8 36.Kf2 Bh6 37.Ke2 Bc1
38.Kd3 Bxa3 39.Rxa3 Rf7 40.Rb3 Rf2 41.Rb6 Rxg2 42.Rxd6 Rg3+ 43.Kc4 Rxh3 44.Rxa6 Kd7
45.Kb4 g5 46.c4 g4 47.Ra7+ Kc8 48.Rg7 h5 49.c5 Rd3 50.c6 g3 51.Kc5 Rc3+ 52.Kd6 Kb8
53.Kd7 h4 54.d6 h3 55.c7+ Ka8 56.Rxg3  1-0

[Event "18th Touraine Open"]
[Site "Avoine FRA"]
[Date "2003.07.22"]
[Round "4"]
[White "Apicella,M"]
[Black "Landre,T"]
[Result "1-0"]
[WhiteElo "2522"]
[BlackElo "1979"]

1.e4 g6 2.d4 Bg7 3.Nc3 c6 4.Nf3 d5 5.e5 h5 6.Be2 Nh6 7.O-O Bg4 8.Bf4 Nd7
9.Ng5 Bxe2 10.Nxe2 e6 11.Qd2 Nf5 12.Ng3 Nf8 13.a4 h4 14.Ne2 Rh5 15.g4 hxg3
16.fxg3 Rh8 17.g4 Nh6 18.h3 Qe7 19.b4 Nh7 20.Rf3 O-O-O 21.Nxh7 Rxh7 22.Bg5  1-0

[Event "ch-NED Open"]
[Site "Dieren NED"]
[Date "2003.07.22"]
[Round "1"]
[White "Van Run,R"]
[Black "Hartoch,R"]
[Result "0-1"]
[WhiteElo "2142"]
[BlackElo "2318"]

1.e4 g6 2.d4 Bg7 3.Nc3 c6 4.f4 d5 5.e5 Nh6 6.Be3 f6 7.Be2 O-O 8.Nf3 Bg4 9.O-O Nf5
10.Bf2 Bh6 11.Nh4 Bxe2 12.Nxe2 Qd7 13.Qd3 fxe5 14.fxe5 Nxh4 15.Bxh4 Na6 16.c3 Nc7
17.Qg3 Rxf1+ 18.Rxf1 Rf8 19.Rxf8+ Bxf8 20.Qf3 Qf5 21.Qxf5 gxf5 22.Ng3 e6
23.Bg5 c5 24.Bd8 Na6 25.Ne2 cxd4 26.cxd4 Nb4 27.a3 Nd3 28.b4 Kf7 29.Bg5 a5
30.bxa5 Bxa3 31.Bd2 Ke7 32.Kf1 Bb2 33.Nc3 Bxc3 34.Bxc3 Nf4 35.g3 Ng6 36.Ke2 Kd7
37.Kd3 Kc6 38.Kc2 Kb5 39.Kb3 Ne7 40.Bd2 Nc6 41.Kc3 Nxa5 42.Bc1 Nc6 43.h3 Ka4
44.g4 fxg4 45.hxg4 b5 46.Bb2 Na5 47.Bc1 Nc4 48.g5 b4+ 49.Kc2 b3+ 50.Kc3 b2
51.Bxb2 Nxb2  0-1

[Event "3rd Savaria Summer Open"]
[Site "Szombathely HUN"]
[Date "2003.07.25"]
[Round "7"]
[White "Papp,Ju"]
[Black "Rat,D"]
[Result "0-1"]
[WhiteElo "2111"]
[BlackElo "2316"]

1.e4 g6 2.d4 Bg7 3.Nc3 c6 4.Bg5 Qb6 5.Nge2 Qxb2 6.Rb1 Qa3 7.f4 Qa5 8.Qd3 f6
9.Bh4 Nh6 10.Nc1 O-O 11.Nb3 Qd8 12.Be2 b6 13.O-O d5 14.h3 e6 15.g4 Ba6 16.Qe3 Bxe2
17.Nxe2 Qd7 18.g5 fxg5 19.fxg5 Nf7 20.e5 Na6 21.Nd2 c5 22.c3 Rac8 23.Nf3 cxd4
24.cxd4 Rc4 25.Nh2 Nb4 26.Ng4 Nc2 27.Qd2 Qa4 28.Rbd1 Qa3 29.Nh6+ Bxh6 30.gxh6 Qxh3
31.Qf4 Ne3 32.Qf2 Nxd1 33.Qf6 Qe3+  0-1

[Event "ch-SCCF"]
[Site "Costa Mesa USA"]
[Date "2003.07.26"]
[Round "6"]
[White "Small,G"]
[Black "Lakdawala,C"]
[Result "1-0"]
[WhiteElo "2206"]
[BlackElo "2435"]

1.e4 g6 2.d4 Bg7 3.Nc3 c6 4.Be3 d5 5.e5 f6 6.f4 Nh6 7.Be2 Qb6 8.Na4 Qc7 9.Nc5 fxe5
10.fxe5 Nf5 11.Bf4 b6 12.Nb3 O-O 13.Qd2 c5 14.c3 e6 15.Nf3 a5 16.a3 Ba6 17.Bxa6 Nxa6
18.O-O Rac8 19.g4 Ne7 20.Rae1 Qd7 21.Bh6 cxd4 22.cxd4 Nb8 23.Nc1 Nbc6 24.Ne2 Nd8
25.Bxg7 Kxg7 26.Rf2 Ng8 27.Ref1 Qe7 28.Qd3 Nf7 29.Qb5 Ng5 30.Nxg5 Qxg5 31.Qd7+ Qe7
32.Qxe7+ Nxe7  1-0

[Event "ch-NED Open"]
[Site "Dieren NED"]
[Date "2003.07.26"]
[Round "5"]
[White "Van Blitterswijk,S"]
[Black "Leenhouts,K"]
[Result "1/2-1/2"]
[WhiteElo "2412"]
[BlackElo "2296"]

1.e4 g6 2.d4 Bg7 3.Nc3 c6 4.f4 d5 5.e5 Nh6 6.Be2 f6 7.Be3 Qb6 8.Na4 Qc7 9.h3 fxe5
10.fxe5 Nf5 11.Bf2 Bh6 12.Qd3 Na6 13.Qc3 b5 14.Nc5 Nxc5 15.Qxc5  1/2-1/2

[Event "16th Open"]
[Site "Kiel GER"]
[Date "2003.07.27"]
[Round "4"]
[White "Lammers,M"]
[Black "Salakhutdinov,I"]
[Result "0-1"]
[WhiteElo "2134"]
[BlackElo "2276"]

1.e4 g6 2.d4 Bg7 3.Nc3 c6 4.Bc4 e6 5.e5 d5 6.exd6 Qxd6 7.Nf3 Nd7 8.O-O Ngf6
9.Bg5 h6 10.Bh4 O-O 11.Bb3 b5 12.Re1 a6 13.Ne2 Bb7 14.Bg3 Qe7 15.Nf4 Nd5
16.Nd3 c5 17.dxc5 Nxc5 18.Nxc5 Qxc5 19.Be5 Rad8 20.Qe2 Rfe8 21.c4 bxc4 22.Qxc4 Qf8
23.Rad1 f6 24.Bg3 Kh7 25.Qe2 e5 26.h4 e4 27.Nd4 f5 28.h5 g5 29.Bc2 Nf4 30.Bxf4 gxf4
31.Qc4 Qf6 32.Qc7 Ba8 33.Ba4 Re5 34.Ne2 Rxd1 35.Rxd1 f3 36.Nf4 e3 37.fxe3 fxg2
38.Qa7 Bf3 39.Rd7 Qg5 40.Bb3 Qg3 41.Nd3 Re4 42.Bf7 Qh2+ 43.Kxh2 Rh4+ 44.Kg1 Rh1+
45.Kf2 g1=Q+ 46.Kxf3 Qg4+ 47.Kf2 Rh2+  0-1

[Event "ch-NED Open"]
[Site "Dieren NED"]
[Date "2003.07.28"]
[Round "6"]
[White "Zimmerman,L"]
[Black "Van Tol,L"]
[Result "0-1"]
[WhiteElo "2103"]
[BlackElo "2165"]

1.e4 g6 2.d4 Bg7 3.Nc3 c6 4.f4 Qb6 5.Nf3 d5 6.e5 Bg4 7.Be2 Bxf3 8.Bxf3 e6
9.Na4 Qa5+ 10.c3 Ne7 11.Be3 Nf5 12.Bf2 h5 13.Nc5 Qc7 14.b4 Bf8 15.Nd3 Nd7
16.O-O Be7 17.Qd2 Kf8 18.g3 b6 19.Rfc1 b5 20.a4 a5 21.axb5 cxb5 22.bxa5 Rxa5
23.Qb2 Rxa1 24.Rxa1 Kg7 25.Qxb5 Qxc3 26.Rc1 Nxd4 27.Qxd7 Qxd3 28.Qxe7 Nxf3+
29.Kg2 Rf8 30.Qf6+ Kg8 31.Rc7 Qe4 32.Kh3 Qe2 33.Kg2 Nd2 34.h3 Ne4 35.Rxf7  0-1

[Event "Ceska Pojistovna Cup"]
[Site "Olomouc CZE"]
[Date "2003.07.31"]
[Round "2"]
[White "Zawadzka,J"]
[Black "Dresen,U"]
[Result "1-0"]
[WhiteElo "2275"]
[BlackElo "2315"]

1.e4 g6 2.d4 c6 3.Nc3 Bg7 4.f4 d5 5.e5 h5 6.Be3 Nh6 7.Nf3 Bg4 8.Bd3 e6 9.h3 Bxf3
10.Qxf3 h4 11.O-O a5 12.b3 Na6 13.a3 Nf5 14.Bf2 Bf8 15.Ne2 Nc7 16.c4 Be7
17.Kh2 Kf8 18.Nc3 Kg7 19.Rfc1 Rh5 20.cxd5 exd5 21.Ne2 Ne6 22.Bxf5 Rxf5 23.Be3 Ng5
24.Qg4 Ne4 25.Rg1 Qd7 26.g3 Rh8 27.Raf1 hxg3+ 28.Nxg3 Nxg3 29.Rxg3 Bxa3 30.Bd2 b6
31.Be1 Be7 32.Re3 Qe6 33.Rff3 Kf8 34.Qg2 Rfh5 35.Qf1 c5 36.dxc5 Bxc5 37.Rd3 Rf5
38.Qg2 Rfh5 39.Rg3 Rf5 40.Qxd5 Qxd5 41.Rxd5 Rxf4 42.Bxa5 Ke7 43.Bc3 Ra8 44.Rgd3 Ra2+
45.Kg3 Re4 46.Rd7+ Ke6 47.Rd8 Re3+ 48.Rxe3 Bxe3 49.Rd6+ Ke7 50.Bb4 Bc5 51.Rxb6 Bxb4
52.Rxb4 Ke6 53.Rb5 Re2 54.Kf4 Rf2+ 55.Kg3 Re2 56.Kf4 Rf2+ 57.Ke4 Rh2 58.Rb6+ Ke7
59.Kd5 Rxh3 60.Rb7+ Ke8 61.b4 Rd3+ 62.Kc4 Rd8 63.b5 g5 64.b6 g4 65.Ra7 Rc8+
66.Kd3  1-0

[Event "8th Open"]
[Site "Creon FRA"]
[Date "2003.08.01"]
[Round "7"]
[White "Wustefeld,C"]
[Black "Istratescu,A"]
[Result "0-1"]
[WhiteElo "2229"]
[BlackElo "2586"]

1.e4 g6 2.d4 Bg7 3.Nc3 c6 4.Be3 Qb6 5.Qd2 Qxb2 6.Rb1 Qa3 7.Nf3 d6 8.Bc4 Qa5
9.O-O h6 10.Rfe1 Nd7 11.e5 Nb6 12.Bf1 d5 13.Rb3 g5 14.Qc1 Nd7 15.Ne2 Qc7
16.Ng3 Nb6 17.Nh5 Bf8 18.h3 Bf5 19.Nd2 Bg6 20.Ng3 e6 21.c4 Ne7 22.c5 Nd7
23.Bd3 b6 24.cxb6 axb6 25.Qc2 Bg7 26.f4 gxf4 27.Bxf4 c5 28.Rf1 c4 29.Bxg6 fxg6
30.Rbf3 O-O 31.Nb1 b5 32.a3 Qb6 33.Be3 Rxf3 34.Rxf3 Rf8 35.Rxf8+ Nxf8 36.Qd2 h5
37.Ne2 Nc6 38.Nbc3 b4 39.axb4 Qxb4 40.Kh2 Ne7 41.g4 hxg4 42.hxg4 Nc6 43.Kg2 Qb3
44.Bf4 Nb4 45.Be3 Qc2 46.Qxc2 Nxc2 47.Bd2 Nd7 48.Nb5 Bf8 49.Kf2 Nb8 50.Bc3 Bh6
51.Kf3 Nc6 52.Nc7 Kf7 53.Nb5 Be3 54.Nd6+ Ke7 55.Nb5 g5 56.Bb2 Kd8 57.Bc3 Kd7
58.Bb2 N6b4 59.Bc3 Nc6 60.Bb2 Bd2 61.Nd6 c3 62.Bxc3 Bxc3 63.Nxc3 N2xd4+ 64.Ke3 Nxe5
65.Nde4  0-1

[Event "Open"]
[Site "Olomouc CZE"]
[Date "2003.08.03"]
[Round "5"]
[White "Pokorny,M"]
[Black "Karlik,V"]
[Result "1/2-1/2"]
[WhiteElo "2127"]
[BlackElo "2286"]

1.e4 g6 2.d4 Bg7 3.Nc3 c6 4.a4 d5 5.Nf3 Bg4 6.exd5 cxd5 7.Be3 Nc6 8.Be2 e6
9.O-O Nge7 10.h3 Bxf3 11.Bxf3 Nf5 12.Ne2 Nh4 13.c3 Nxf3+ 14.gxf3 O-O 15.Qd2 Na5
16.Rab1 Nc4 17.Qd3 Rc8 18.Kg2 Nd6 19.Bf4 Nf5 20.Bg3 Bh6 21.f4 Re8 22.Ng1 Qd7
23.Ra1 Qc7 24.Ne2 Bf8 25.Rfe1 h5 26.Qf3 Bd6 27.Nc1 f6 28.Nd3 Kf7 29.Kh1 a5
30.Rg1 Qd7 31.Qd1 Rc4 32.Bh2 b5 33.axb5 Qxb5 34.Qd2 a4 35.f3 Qc6 36.Rac1 Qc7
37.Rg2 Nh4 38.Rf2 Rc8 39.f5 Nxf5 40.Bxd6 Qxd6 41.f4 h4 42.Kg1 Ng3 43.Ne5+ Kg7
44.Nxc4 dxc4 45.Rd1 Qd5 46.Rg2 Ra8 47.Qe3 Kf7 48.Ra1 Rb8 49.Qf2 Qe4 50.Re1 Qf5
51.Kh2 Rb3 52.d5 Qxd5 53.Qa7+ Qb7 54.Qxb7+ Rxb7 55.Ra1 Rd7 56.Re1 Rd3 57.Re4 Rd1
58.Rg1 Rd2+ 59.Rg2 Rd1  1/2-1/2

[Event "ch-AUT w"]
[Site "Hartberg AUT"]
[Date "2003.08.04"]
[Round "7"]
[White "Sommer,S"]
[Black "Mira,H"]
[Result "0-1"]
[WhiteElo "2038"]
[BlackElo "2126"]

1.e4 g6 2.d4 c6 3.Nc3 Bg7 4.Bc4 d6 5.Qf3 e6 6.Nge2 Nd7 7.Bb3 Ngf6 8.h3 O-O
9.Be3 e5 10.O-O-O Qe7 11.g4 exd4 12.Bxd4 Nc5 13.Ng3 Nfd7 14.Bxg7 Kxg7 15.Qg2 Kh8
16.f4 a5 17.a3 Nxb3+ 18.cxb3 Nc5 19.Kb1 Nxb3 20.Qc2 Nc5 21.Rhe1 Be6 22.Qf2 f6
23.f5 Bb3 24.Rd2 b5 25.fxg6 hxg6 26.Qf4 Rad8 27.h4 b4 28.axb4 axb4 29.Nce2 Bc4
30.Nd4 Rc8 31.Red1 Rf7 32.Nc2 b3 33.Na3 d5 34.exd5 cxd5 35.Qd4 Ne6 36.Qf2 Ra8
37.h5 gxh5 38.Nxh5 Ng5 39.Qh2 Nf3 40.Qh1 Nxd2+ 41.Rxd2 Re8 42.Qc1 Qe4+ 43.Ka1 Kg8
44.Rd1 Qe3 45.Nxc4 Qxc1+  0-1

[Event "Open"]
[Site "Olomouc CZE"]
[Date "2003.08.04"]
[Round "6"]
[White "Sojka,A"]
[Black "Karlik,V"]
[Result "1/2-1/2"]
[WhiteElo "2092"]
[BlackElo "2286"]

1.e4 g6 2.d4 Bg7 3.Nc3 c6 4.Bc4 d6 5.Bb3 Nf6 6.f3 O-O 7.Be3 Nbd7 8.Qd2 b5
9.O-O-O a5 10.e5 a4 11.Bxf7+ Rxf7 12.e6 Rf8 13.exd7 Bxd7 14.Bh6 b4 15.Ne4 Qa5
16.Bxg7 Kxg7 17.Nxf6 exf6 18.Ne2 Be6 19.Kb1 b3 20.cxb3 axb3 21.Qxa5 bxa2+
22.Qxa2 Bxa2+ 23.Kc1 Bb3 24.Rde1 Ra4 25.Kd2 Bf7 26.Rc1 Rb8 27.Rxc6 Rxb2+
28.Rc2 Raa2 29.Rc1 Bb3 30.Rxb2 Rxb2+ 31.Ke3 d5  1/2-1/2

[Event "ch-SLO"]
[Site "Bled SLO"]
[Date "2003.08.07"]
[Round "6"]
[White "Borisek,J"]
[Black "Skoberne,J"]
[Result "1-0"]
[WhiteElo "2443"]
[BlackElo "2089"]

1.e4 c6 2.d4 g6 3.Nc3 Bg7 4.Bc4 b5 5.Bb3 a5 6.a3 d6 7.Qf3 e6 8.Nge2 Nf6 9.Bg5 Nbd7
10.e5 dxe5 11.Qxc6 Rb8 12.dxe5 Rb6 13.exf6 Bh6 14.Qa8 Bxg5 15.Qxa5 Bd2+ 16.Kf1 Qxf6
17.Rd1 Rd6 18.Qc7 Be3 19.f3 Rxd1+ 20.Nxd1 Bb6 21.Qxc8+ Ke7 22.Qc3 Ne5 23.f4 Rd8
24.Ke1 Ng4 25.Qxf6+ Kxf6 26.c3  1-0

[Event "ch-SLO"]
[Site "Bled SLO"]
[Date "2003.08.09"]
[Round "8"]
[White "Kozamernik,J"]
[Black "Skoberne,J"]
[Result "0-1"]
[WhiteElo "2199"]
[BlackElo "2089"]

1.e4 g6 2.d4 Bg7 3.Nc3 c6 4.Bc4 b5 5.Bb3 a5 6.a3 d6 7.Qf3 e6 8.Nge2 Ba6 9.d5 cxd5
10.exd5 e5 11.Ne4 h6 12.g4 Nf6 13.N2g3 Nxe4 14.Nxe4 Qc7 15.c4 bxc4 16.Ba4+ Nd7
17.Bd2 O-O 18.Qh3 Nc5 19.Bc2 Nd3+ 20.Bxd3 cxd3 21.Rc1 Qb7 22.Rc6 Qxb2 23.O-O Qd4
24.Re1 Bb7 25.Rxd6 Rfd8 26.Rxd8+ Rxd8 27.Bxa5 Qxd5 28.Bd2 Qa2  0-1

[Event "US Open"]
[Site "Los Angeles USA"]
[Date "2003.08.11"]
[Round "8"]
[White "Cohen,J"]
[Black "Hanken,J"]
[Result "1-0"]
[WhiteElo "2209"]
[BlackElo "2069"]

1.e4 g6 2.d4 Bg7 3.Nc3 c6 4.Nf3 d5 5.h3 Nf6 6.e5 Nfd7 7.Bd3 e6 8.O-O O-O
9.Bg5 f6 10.exf6 Nxf6 11.Qd2 Qd6 12.Rae1 a6 13.Na4 Nbd7 14.b4 a5 15.Nc5 Nxc5
16.bxc5 Qc7 17.Bf4 Qd8 18.Bd6 Re8 19.Rb1 b5 20.Ne5 Bd7 21.a4 b4 22.c3 bxc3
23.Qxc3 Bf8 24.Rb7 Bxd6 25.cxd6 Bc8 26.Nf7 Bxb7 27.Nxd8 Rexd8 28.Rb1 Ra7
29.Qc5 Rda8 30.d7 Nxd7 31.Qe7 Bc8 32.Qxe6+ Kg7 33.Qxc6 Nf6 34.Rb6 Nd7 35.Rb3 Nf6
36.Qd6 Rf7 37.Qc6 Rfa7 38.Be2 Bd7 39.Rb7 Kh6 40.Qxf6 Rxb7 41.g4  1-0

[Event "ADCF Masters"]
[Site "Abu Dhabi UAE"]
[Date "2003.08.16"]
[Round "1"]
[White "Eid,Fa"]
[Black "Svetushkin,D"]
[Result "0-1"]
[WhiteElo "2398"]
[BlackElo "2571"]

1.e4 g6 2.d4 Bg7 3.Nc3 c6 4.Nf3 d6 5.h3 Nf6 6.Bg5 O-O 7.Bd3 Nbd7 8.Qd2 b5
9.O-O Bb7 10.e5 Ne8 11.exd6 Nxd6 12.Rfe1 Re8 13.Ne4 Qb6 14.Bxe7 Nxe4 15.Rxe4 c5
16.dxc5 Nxc5 17.Bxc5 Qxc5 18.Rxe8+ Rxe8 19.b4 Qc8 20.Re1 Rxe1+ 21.Qxe1 Bxf3
22.gxf3 Qxh3 23.Qe4 Qh5 24.Qa8+ Bf8 25.Be4 Qg5+ 26.Kf1 Qd2 27.Qxa7 Qxb4 28.Bd5 Qf4
29.Qe3 Qf5 30.Qe4 Qf6 31.Bb3 b4 32.Kg2 Bd6 33.Qd5 Kg7 34.Qe4 h5 35.Kf1 Be5
36.Kg2 Qd6 37.Qd5 Qe7 38.Kf1 h4 39.Qe4 f5 40.Qe3 Qd6 41.Kg2 Bd4 42.Qe6 Qf4
43.Qe7+ Kh6 44.Bd5 Be5  0-1

[Event "Open"]
[Site "Vienna AUT"]
[Date "2003.08.16"]
[Round "1"]
[White "Guski,D"]
[Black "Kummer,Hel"]
[Result "1-0"]
[WhiteElo "2091"]
[BlackElo "2336"]

1.e4 g6 2.d4 Bg7 3.Nc3 c6 4.Be3 d5 5.f3 Nf6 6.e5 Nfd7 7.Qd2 Nf8 8.Nge2 h5
9.O-O-O b5 10.Kb1 Nbd7 11.Nc1 Nb6 12.Nb3 a5 13.Nc5 Ne6 14.f4 a4 15.Bd3 Nxc5
16.dxc5 Nc4 17.Bxc4 bxc4 18.a3 Bf5 19.Ne2 Qd7 20.Ng3 Bg4 21.Rde1 h4 22.Nf1 O-O
23.Bd4 Rfb8 24.Ne3 Rb5 25.Rhf1 Bf5 26.g4 hxg3 27.hxg3 Rab8 28.g4 Be4 29.f5 Qc7
30.Nxc4 dxc4 31.Rxe4 Qd7 32.Qe3 c3 33.Bxc3 Qd5 34.f6 Bf8 35.Rh1 exf6 36.exf6  1-0

[Event "Open"]
[Site "Vienna AUT"]
[Date "2003.08.16"]
[Round "1"]
[White "Grabner,J"]
[Black "Ranits,F"]
[Result "0-1"]
[WhiteElo "2040"]
[BlackElo "2261"]

1.d4 g6 2.e4 Bg7 3.Nc3 c6 4.Nf3 d5 5.Be2 Bg4 6.exd5 cxd5 7.Ne5 Bxe2 8.Qxe2 e6
9.Qb5+ Nd7 10.Bf4 Qc8 11.O-O Ne7 12.Rfe1 a6 13.Qe2 O-O 14.Rad1 Nc6 15.Qe3 Ndxe5
16.Bxe5 Bxe5 17.dxe5 d4 18.Rxd4 Nxd4 19.Qxd4 Kg7 20.Qh4 Qd8 21.Qg3 Rc8 22.Qf3 Qe7
23.Qe2 Rfd8 24.Ne4 Rd5 25.Nf6 Rdc5 26.c3 b5 27.Qe3 Rc4 28.Qh3 h6 29.Qe3 b4
30.Ne4 bxc3 31.Nxc3 Qb4 32.Qd2 Rb8 33.Qd3 Rd4 34.Qe3 Rbd8 35.Qf3 Qxb2 36.Qf6+  0-1

[Event "Open"]
[Site "Vienna AUT"]
[Date "2003.08.17"]
[Round "2"]
[White "Gruszka,H"]
[Black "Roth,Pe"]
[Result "0-1"]
[WhiteElo "2110"]
[BlackElo "2289"]

1.d4 g6 2.e4 Bg7 3.Nc3 c6 4.Be3 d5 5.exd5 cxd5 6.Bb5+ Nc6 7.Nf3 Bg4 8.h3 Bxf3
9.Qxf3 e6 10.O-O Ne7 11.Rad1 O-O 12.Rfe1 Qb6 13.Bxc6 Nxc6 14.Ne2 Qxb2 15.Rb1 Qxa2
16.Rxb7 Rab8 17.Rc7 Qa5 18.Rxc6 Qxe1+ 19.Kh2 Qd1 20.Rc7 a5 21.h4 Rbc8 22.Bf4 Rxc7
23.Bxc7 Qxc2 24.Bxa5 Qe4 25.Qxe4 dxe4 26.Bb6 Rc8 27.Ng3 f5 28.h5 Rc2 29.hxg6 hxg6
30.Kh3 Rxf2  0-1

[Event "ADCF Masters"]
[Site "Abu Dhabi UAE"]
[Date "2003.08.20"]
[Round "5"]
[White "Knisch,G"]
[Black "Ibrahim,I UAE"]
[Result "0-1"]
[WhiteElo "2099"]
[BlackElo "2052"]

1.e4 g6 2.d4 Bg7 3.Nc3 c6 4.Nf3 d5 5.exd5 cxd5 6.h3 Nf6 7.Be2 Nc6 8.O-O O-O
9.Be3 Ne4 10.Qc1 Re8 11.Rd1 Nxc3 12.bxc3 b6 13.Bh6 Bb7 14.Bxg7 Kxg7 15.Bb5 Rc8
16.Re1 a6 17.Bxc6 Rxc6 18.Re3 Qc7 19.Qe1 Bc8 20.Qd2 Re6 21.Re5 f6 22.Rxe6 Bxe6
23.Rb1 b5 24.Ne1 Qa5 25.Nd3 Qxa2 26.Re1 Bf7 27.Nb4 Qa5 28.Nd3 Qb6 29.f4 a5
30.g4 Qd6 31.Kg2 a4 32.Kf3 a3 33.Nb4 Ra8 34.Qe2 Qc7 35.Qe3 a2 36.Ra1 Ra3
37.Nd3 Qxc3 38.g5 Qxa1  0-1

[Event "ADCF Masters"]
[Site "Abu Dhabi UAE"]
[Date "2003.08.20"]
[Round "5"]
[White "Al Sayed,Mohamad"]
[Black "Jobava,Be"]
[Result "0-1"]
[WhiteElo "2455"]
[BlackElo "2334"]

1.e4 g6 2.d4 Bg7 3.Nc3 c6 4.Bc4 d6 5.Qf3 e6 6.Nge2 b5 7.Bb3 Nd7 8.Bf4 Qe7
9.d5 Ne5 10.Bxe5 dxe5 11.O-O-O Nf6 12.Qg3 Nxe4 13.Nxe4 exd5 14.Qc3 Bb7 15.Nc5 O-O
16.Nxb7 Qxb7 17.Qa5 Rfd8 18.Kb1 c5 19.Nc3 c4 20.Bxc4 bxc4 21.Rxd5 Rdb8 22.b3 Qe7
23.Ne4 cxb3 24.axb3 f5 25.Nc5 e4 26.Nd7 Re8 27.Rhd1 f4 28.Re1 Rad8 29.Qa4 e3
30.fxe3 fxe3 31.Re2 Kh8 32.Rd1 Qe6 33.h3 Re7  0-1

[Event "Open"]
[Site "Vienna AUT"]
[Date "2003.08.20"]
[Round "5"]
[White "Doell,D"]
[Black "Ranits,F"]
[Result "0-1"]
[WhiteElo "2136"]
[BlackElo "2261"]

1.e4 g6 2.d4 Bg7 3.Nc3 c6 4.Be3 d5 5.e5 h5 6.Qd2 Nh6 7.h4 Nd7 8.e6 fxe6 9.Nf3 e5
10.dxe5 Nf8 11.O-O-O Bg4 12.Be2 Bxf3 13.Bxf3 Qa5 14.Bg5 Nf5 15.Qe2 Ne6 16.Rhe1 O-O-O
17.g4 Nfd4 18.Qe3 Nxf3 19.Qxf3 Nxg5 20.hxg5 d4 21.Nb1 Bxe5 22.Qe4 Rd5 23.f4 Bd6
24.gxh5 Rxh5 25.Rh1 Rxh1 26.Rxh1 Rf5 27.Rf1 Qd5  0-1

[Event "ch-FRA w"]
[Site "Aix les Bains FRA"]
[Date "2003.08.22"]
[Round "5"]
[White "Te Llalemand,R"]
[Black "Wohlers Armas,F"]
[Result "1-0"]
[WhiteElo "2280"]
[BlackElo "2157"]

1.e4 g6 2.d4 Bg7 3.Nc3 c6 4.Nf3 d6 5.Be3 a6 6.Qd2 b5 7.Bd3 Bg4 8.Ng1 b4 9.Nce2 a5
10.h3 Bc8 11.Nf3 Ba6 12.O-O Bxd3 13.Qxd3 Nf6 14.Ng3 O-O 15.Qd2 Na6 16.Bh6 c5
17.c3 Qb6 18.e5 dxe5 19.Bxg7 Kxg7 20.dxe5 Ng8 21.Ng5 h6 22.N5e4 Rad8 23.Qe3 f5
24.exf6+ exf6 25.f4 f5 26.Nd2 Rfe8 27.Qf2 bxc3 28.bxc3 Qb2 29.Nf3 Qxc3 30.Rad1 Rxd1
31.Rxd1 Nb4 32.Ne5 Re7 33.Ne2 Qc2 34.Rd6 g5 35.Ng3 Kh7 36.Qxc2 Nxc2 37.Nxf5 Rc7
38.fxg5 hxg5 39.Nf3 Nb4 40.Nxg5+ Kh8 41.a3 Nc2 42.a4 c4 43.Rd2 Na1 44.Rd4 Nf6
45.Rd8+ Ng8 46.Nh6 Kg7 47.Ne6+ Kxh6 48.Nxc7 c3 49.Nd5 c2 50.Rc8  1-0

[Event "Open"]
[Site "Vienna AUT"]
[Date "2003.08.22"]
[Round "7"]
[White "Willemze,J"]
[Black "Lau,R"]
[Result "1/2-1/2"]
[WhiteElo "2327"]
[BlackElo "2505"]

1.e4 g6 2.d4 Bg7 3.Nc3 c6 4.Nf3 d6 5.Be3 Nd7 6.Qd2 b5 7.Bd3 Qc7 8.O-O Bb7
9.a4 b4 10.Ne2 c5 11.c4 Ngf6 12.d5 Ng4 13.Bg5 Nge5 14.Nxe5 Nxe5 15.Rab1 h6
16.Bh4 g5 17.Bg3 O-O-O 18.f4 gxf4 19.Bxf4 Rdf8 20.Ng3  1/2-1/2

[Event "ADCF Masters"]
[Site "Abu Dhabi UAE"]
[Date "2003.08.23"]
[Round "7"]
[White "Raetsky,A"]
[Black "Jobava,Be"]
[Result "1-0"]
[WhiteElo "2438"]
[BlackElo "2334"]

1.d4 g6 2.e4 Bg7 3.Nc3 c6 4.Nf3 d5 5.h3 dxe4 6.Nxe4 Nd7 7.Bd3 Ngf6 8.O-O O-O
9.Nxf6+ Nxf6 10.Re1 b6 11.Qe2 e6 12.Bf4 Bb7 13.Rad1 Qc8 14.c4 c5 15.Be5 Rd8
16.Qe3 Ne8 17.Bxg7 Nxg7 18.d5 Rd6 19.Qh6 f6 20.Nd2 Qf8 21.Ne4 Rd7 22.Qh4 Rf7
23.Nc3 Re8 24.Be4 e5 25.Bc2 Nh5 26.Ba4 Rd8 27.Rd2 Nf4 28.Red1 Bc8 29.Ne2 Nxe2+
30.Rxe2 Qd6 31.Rde1 a6 32.f4 exf4 33.Re8+ Rf8 34.R8e7 h5 35.Bc2 f5 36.R1e6 Bxe6
37.Rxe6 Qxe6 38.dxe6 Rde8 39.e7 Rf7 40.Ba4 Rexe7 41.Bc6 Kg7 42.Bd5 Rf6 43.Qxf4 Re2
44.Qc7+ Kh6 45.Qd8 Rfe6 46.Bxe6 Rxe6 47.h4 Kg7 48.Kf2 a5 49.Kf3 Kf7 50.g3 Kg7
51.Qd7+ Kf6 52.Qc7 a4 53.a3  1-0